[Event "Druzynowe Mistrzostwa Polski Juniorow - I Liga 2018"]
[Site "Kudowa-Zdroj"]
[Date "1899-12-30"]
[Round "8.1"]
[White "Grela, Kacper"]
[Black "Raczynski, Krzysztof"]
[Result "1-0"]
[WhiteTitle "FM"]
[BlackTitle "k+"]
[WhiteElo "2320"]
[BlackElo "2096"]

1. d4 d6 2. e4 Nf6 3. Nc3 e5 4. Nf3 Nbd7 5. g4 Nxg4 6. Rg1 Ngf6 7. Be3 c6 8. Qd2
b5 9. a3 g6 10. O-O-O Be7 11. Bh6 a5 12. dxe5 Nxe5 13. Nxe5 dxe5 14. Qxd8+ Bxd8
15. Bg7 Rg8 16. Rxd8+ Kxd8 17. Bxf6+ Kc7 18. Bxe5+ Kb7 19. a4 b4 20. Nb1 Re8 21.
Bg3 Rxe4 22. Bg2 Re7 23. Nd2 Be6 24. Re1 Rd7 25. Ne4 Kb6 26. Bf4 Rdd8 27. Bg5
Re8 28. Nf6 Rh8 29. Re5 Rhc8 30. Be3+ Kc7 31. Bf4 Kb6 32. Nxh7 Bd5 33. Bxd5 cxd5
34. Rxd5 Rc4 35. Be3+ Kc6 36. Rb5 Kd6 37. Ng5 f6 38. Nf3 Rac8 39. Rxa5 Rxc2+ 40.
Kb1 R2c4 41. Ka2 g5 42. Kb3 R4c7 43. Kxb4 Rh7 44. Ra6+ Rc6 45. Rxc6+ Kxc6 46.
Kc4 g4 47. Nd4+ Kb7 48. b4 Rxh2 49. a5 Ka6 50. Nb3 Rh3 51. b5+ Kb7 52. a6+ Ka8
53. b6 1-0

[Event "Druzynowe Mistrzostwa Polski Juniorow - I Liga 2018"]
[Site "Kudowa-Zdroj"]
[Date "1899-12-30"]
[Round "8.2"]
[White "Butyrowski, Marcel"]
[Black "Karykowska, Anna"]
[Result "0-1"]
[WhiteTitle "I+"]
[BlackTitle "k"]
[WhiteElo "1725"]
[BlackElo "1869"]

1. d4 Nf6 2. c4 e6 3. Nc3 Bb4 4. Qc2 d5 5. cxd5 exd5 6. Bg5 c5 7. Nf3 h6 8. Bxf6
Qxf6 9. a3 Bxc3+ 10. Qxc3 Nd7 11. Rc1 b6 12. e3 O-O 13. Bb5 c4 14. b3 a6 15. Bxd7
Bxd7 16. bxc4 dxc4 17. Ne5 Be6 18. O-O b5 19. e4 Rfe8 20. f4 Bc8 21. Kh1 Qd6 22.
Rce1 f6 23. Ng6 f5 24. Ne5 fxe4 25. Rxe4 Bf5 26. Re3 Rad8 27. Rg3 Qxd4 28. Qf3
Qd5 29. Qh5 Qe6 30. h3 Rd6 31. Rff3 Re7 32. Re3 Qf6 33. Qf3 Rd8 34. Kh2 Kh7 35.
Qe2 Bd3 36. Qf3 Rd4 37. Ng4 Qf8 38. Rxe7 Qxe7 39. Ne5 Qf6 40. Qb7 Be4 41. Qa7
Rd8 42. Qc7 Re8 43. a4 Re7 44. Qc5 Rb7 45. axb5 axb5 46. Qd4 Bf5 47. Qd5 Rb8 48.
Nc6 Rf8 49. Nd4 Bd3 50. Nxb5 Qxf4 51. Nd4 Be4 52. Qxc4 Bxg2 53. Qc2+ Be4 54. Qe2
Rf6 55. Qe3 Qe5 56. Ne2 Rf1 57. Qg1 Rxg1 58. Kxg1 Qb2 59. Kf2 Bb7 60. Re3 Ba6
61. Re6 h5 62. Rxa6 Qb3 63. Rc6 Qxh3 64. Rc3 Qf5+ 65. Rf3 Qc5+ 66. Kg3 g5 67.
Kg2 Kg6 68. Ng3 h4 69. Ne2 Qc2 70. Rf2 Qe4+ 71. Kh2 g4 72. Rg2 Kg5 73. Ng1 g3+
74. Kh1 Kg4 75. Ne2 h3 76. Nxg3 Qxg2# 0-1

[Event "Druzynowe Mistrzostwa Polski Juniorow - I Liga 2018"]
[Site "Kudowa-Zdroj"]
[Date "1899-12-30"]
[Round "8.3"]
[White "Kejna, Piotr"]
[Black "Wojdak, Jan"]
[Result "1-0"]
[WhiteTitle "CM"]
[BlackTitle "I"]
[WhiteElo "1505"]
[BlackElo "1754"]

1. e4 c5 2. Nf3 Nc6 3. d4 cxd4 4. Nxd4 g6 5. Nc3 Bg7 6. Be3 Nf6 7. Bc4 O-O 8. Bb3
d5 9. exd5 Na5 10. O-O Nxb3 11. Nxb3 b6 12. Qd2 Bb7 13. Rad1 Qd7 14. Bd4 Rfd8
15. Rfe1 Nxd5 16. Bxg7 Kxg7 17. Nxd5 Qxd5 18. Qc3+ Kg8 19. Rxd5 Bxd5 20. Qe3 e6
21. a3 Rac8 22. Nd4 f6 23. c3 e5 24. Nf3 Be6 25. h4 Bf5 26. h5 Rd3 27. Qh6 Rc4
28. Nd4 Rcxd4 29. cxd4 Rxd4 30. hxg6 hxg6 31. Qe3 Rd3 32. Qc1 Rd8 33. Qc4+ Kf8
34. Rc1 Rd4 35. Qc6 Kg7 36. Qb7+ Kh6 37. Qxa7 Rg4 38. Qxb6 Be4 39. f3 1-0

[Event "Druzynowe Mistrzostwa Polski Juniorow - I Liga 2018"]
[Site "Kudowa-Zdroj"]
[Date "1899-12-30"]
[Round "8.4"]
[White "Lewandowski, Witold"]
[Black "Eigner, Jerzy"]
[Result "1-0"]
[WhiteTitle "II+"]
[BlackTitle "II+"]
[WhiteElo "1444"]
[BlackElo "1352"]

1. e4 c5 2. Nf3 a6 3. c3 e6 4. d4 d5 5. exd5 exd5 6. Bd3 Nf6 7. O-O cxd4 8. Nxd4
Be7 9. Nd2 Nc6 10. N2f3 O-O 11. h3 Qc7 12. Bc2 Re8 13. Re1 Bd7 14. Qd3 h6 15.
Nf5 Bf8 16. Be3 Ne5 17. Nxe5 Rxe5 18. Nxh6+ gxh6 19. Bd4 Rxe1+ 20. Rxe1 Bb5 21.
Qf5 Bg7 22. Bxf6 Bxf6 23. Qxf6 Re8 24. Rxe8+ Bxe8 25. Qxh6 Bc6 26. Qg5+ Kf8 27.
Qg3 Qxg3 28. fxg3 Bd7 29. Bb3 Be6 30. Kf2 Ke7 31. Ke3 Kf6 32. Kd4 b5 33. Bxd5
1-0

[Event "Druzynowe Mistrzostwa Polski Juniorow - I Liga 2018"]
[Site "Kudowa-Zdroj"]
[Date "1899-12-30"]
[Round "8.5"]
[White "Lascar, Maria Elena"]
[Black "Szelag, Zuzanna"]
[Result "0-1"]
[WhiteTitle "I+"]
[BlackTitle "I++"]
[WhiteElo "1604"]
[BlackElo "1767"]

1. e4 c5 2. Nf3 d6 3. d4 cxd4 4. Nxd4 Nf6 5. Nc3 a6 6. Bc4 e6 7. Bb3 b5 8. Bg5
Be7 9. Qf3 Qb6 10. O-O-O O-O 11. Rhe1 Nbd7 12. Qe2 Nc5 13. f4 Re8 14. Nf3 Bb7
15. Bxf6 Bxf6 16. e5 dxe5 17. Nxe5 Qa5 18. Qf2 Rac8 19. g4 b4 20. Nc4 Qc7 21.
g5 Be7 22. Nb1 Ne4 23. Qf1 a5 24. a4 Bd5 25. Rxd5 exd5 26. Ne3 Nc5 27. Bxd5 Bd6
28. Ng2 Rxe1+ 29. Nxe1 Bxf4+ 30. Kd1 Nxa4 31. Bb3 Nxb2+ 32. Ke2 a4 33. Ba2 Qe5+
34. Kf3 Bxg5 35. Qa6 Qf6+ 36. Qxf6 Bxf6 37. Nd2 Bc3 0-1

[Event "Druzynowe Mistrzostwa Polski Juniorow - I Liga 2018"]
[Site "Kudowa-Zdroj"]
[Date "1899-12-30"]
[Round "8.6"]
[White "Nowak, Roksana"]
[Black "Szachniewicz, Weronika"]
[Result "1-0"]
[WhiteTitle "I"]
[BlackTitle "II+"]
[WhiteElo "1372"]
[BlackElo "1057"]

1. d4 d5 2. c4 e5 3. dxe5 d4 4. Nf3 Nc6 5. e3 Bg4 6. Be2 d3 7. Qxd3 Qxd3 8. Bxd3
Bxf3 9. gxf3 Nxe5 10. Be2 O-O-O 11. Nc3 g6 12. Bd2 Bg7 13. O-O-O Ne7 14. Kc2 N7c6
15. a3 Rhe8 16. Rhe1 a6 17. h3 f5 18. Nd5 Ne7 19. Nxe7+ Rxe7 20. e4 Rf7 21. f4
Nc6 22. e5 h6 23. h4 g5 24. hxg5 hxg5 25. Bh5 Re7 26. fxg5 Bxe5 27. f4 Nd4+ 28.
Kb1 Bd6 29. Rxe7 Bxe7 30. Bc3 Ne6 31. Rxd8+ Kxd8 32. Be5 Kd7 33. Bg6 Bf8 34. Bxf5
c6 35. g6 Ke7 36. Bxe6 Kxe6 37. g7 Bxg7 38. Bxg7 Kf5 39. Be5 b6 40. Kc2 b5 41.
cxb5 cxb5 42. Kc3 a5 43. b4 1-0

[Event "Druzynowe Mistrzostwa Polski Juniorow - I Liga 2018"]
[Site "Kudowa-Zdroj"]
[Date "1899-12-30"]
[Round "8.7"]
[White "Janik, Igor"]
[Black "Fus, Jakub"]
[Result "1-0"]
[WhiteTitle "IM"]
[BlackTitle "k"]
[WhiteElo "2420"]
[BlackElo "2195"]

1. d4 Nf6 2. c4 c6 3. Nc3 d5 4. cxd5 cxd5 5. Bf4 Nc6 6. e3 a6 7. Bd3 e6 8. Nf3
Be7 9. h3 O-O 10. O-O b5 11. Rc1 Bb7 12. Ne5 Rc8 13. g4 Nxe5 14. Bxe5 Ne4 15.
Ne2 Rxc1 16. Nxc1 f6 17. Bh2 g6 18. Nb3 Qb6 19. Qb1 Kf7 20. Rc1 Bc6 21. h4 Rg8
22. Qc2 Rc8 23. f3 Nd6 24. h5 f5 25. Bf4 b4 26. hxg6+ hxg6 27. Qh2 Ne8 28. Qh7+
Ng7 29. Be5 Bf6 30. Bxf6 Kxf6 31. Kf2 Qb8 32. gxf5 Nxf5 33. Rg1 Rg8 34. Bxf5 exf5
35. Nc5 Rg7 36. Qh4+ Kf7 37. Nd3 Be8 38. Ne5+ Ke6 39. Qh8 Rb7 40. Nxg6 Bf7 41.
Nf4+ Kd7 42. Qf6 Qe8 43. Rc1 Rc7 44. Qxf5+ Kd8 45. Qf6+ Kd7 46. Rxc7+ Kxc7 47.
Qxa6 1-0

[Event "Druzynowe Mistrzostwa Polski Juniorow - I Liga 2018"]
[Site "Kudowa-Zdroj"]
[Date "1899-12-30"]
[Round "8.8"]
[White "Jarzebowski, Kacper"]
[Black "Czechowski, Jakub"]
[Result "0-1"]
[WhiteTitle "I++"]
[BlackTitle "I"]
[WhiteElo "1969"]
[BlackElo "1880"]

1. d4 Nf6 2. c4 g6 3. Nc3 Bg7 4. e4 d6 5. Bd3 Nc6 6. Nge2 e5 7. d5 Nd4 8. O-O O-O
9. Bg5 h6 10. Be3 Ng4 11. Bd2 f5 12. f3 Nf6 13. exf5 Nxe2+ 14. Nxe2 gxf5 15. f4
e4 16. Bc2 c6 17. Bc3 Qb6+ 18. Bd4 c5 19. Bc3 Ng4 20. Qd2 Rf7 21. h3 Nf6 22. Kh2
Bd7 23. Qe3 Qc7 24. a4 Re8 25. a5 Kh8 26. Rfb1 b5 27. axb6 axb6 28. b4 b5 29.
bxc5 bxc4 30. c6 Bc8 31. Rb5 Rg8 32. Bd4 Qd8 33. Ra8 Kh7 34. Ng3 Ng4+ 35. hxg4
Qh4+ 36. Kg1 Bxd4 37. Qxd4 Qxg3 38. Qf2 Qxg4 39. Ra3 Rfg7 40. g3 Qh3 41. Ra7 Rxa7
42. Qxa7+ Rg7 43. Qxg7+ Kxg7 44. Rb8 Qxg3+ 45. Kh1 e3 46. Bd1 c3 47. Rxc8 c2 48.
Rc7+ Kf6 0-1

[Event "Druzynowe Mistrzostwa Polski Juniorow - I Liga 2018"]
[Site "Kudowa-Zdroj"]
[Date "1899-12-30"]
[Round "8.9"]
[White "Dzida, Kamil"]
[Black "Haliniak, Wojciech"]
[Result "1-0"]
[WhiteTitle "I++"]
[BlackTitle "I"]
[WhiteElo "1854"]
[BlackElo "1679"]

1. e4 Nf6 2. Nc3 e5 3. Nf3 Nc6 4. Bc4 Nxe4 5. Nxe4 d5 6. Bd3 f5 7. Nc3 e4 8. Bb5
exf3 9. Qxf3 Be6 10. O-O Be7 11. Re1 Qd6 12. d3 O-O-O 13. Bf4 Nd4 14. Qe3 Qb6
15. Na4 Qxb5 16. Qxd4 Kd7 17. Rxe6 Kxe6 18. Re1+ Kf7 19. Rxe7+ Kxe7 20. Qxg7+
Ke6 21. Qe5+ Kf7 22. Qxf5+ Ke7 23. Bg5+ Kd6 24. c4 Qa5 25. b4 Rde8 26. Bf4+ 1-0

[Event "Druzynowe Mistrzostwa Polski Juniorow - I Liga 2018"]
[Site "Kudowa-Zdroj"]
[Date "1899-12-30"]
[Round "8.10"]
[White "Dalkowski, Rafal"]
[Black "Koziorowicz, Michal"]
[Result "0-1"]
[WhiteTitle "II"]
[BlackTitle "I"]
[WhiteElo "1510"]
[BlackElo "1692"]

1. d4 Nf6 2. c4 c5 3. d5 e6 4. Nc3 exd5 5. cxd5 d6 6. Nf3 g6 7. g3 Bg7 8. Bg2 O-O
9. O-O a6 10. a4 Re8 11. Nd2 Nbd7 12. Nc4 Ne5 13. Nxe5 Rxe5 14. Bf4 Re8 15. e4
Rb8 16. Qd3 Ng4 17. Rae1 b5 18. h3 Ne5 19. Bxe5 Bxe5 20. axb5 axb5 21. f4 Bd4+
22. Kh2 b4 23. Nd1 Qa5 24. Ne3 Ba6 25. Nc4 Bxc4 26. Qxc4 Bxb2 27. e5 Bc3 28. Re3
Qb5 29. Qe4 f5 30. Qb1 Bd4 31. Ree1 dxe5 32. fxe5 Bxe5 33. d6 c4 34. Rd1 Rbd8
35. Qc2 Rxd6 36. Rxd6 Bxd6 37. Rd1 b3 38. Bd5+ Qxd5 0-1

[Event "Druzynowe Mistrzostwa Polski Juniorow - I Liga 2018"]
[Site "Kudowa-Zdroj"]
[Date "1899-12-30"]
[Round "8.11"]
[White "Raczykowska, Paulina"]
[Black "Tarka, Aleksandra"]
[Result "0-1"]
[WhiteTitle "k"]
[BlackTitle "I++"]
[WhiteElo "1890"]
[BlackElo "1679"]

1. e4 e6 2. d4 d5 3. e5 c5 4. c3 Qb6 5. Nf3 Bd7 6. Bd3 Nc6 7. dxc5 Bxc5 8. O-O
a5 9. Nbd2 Qa7 10. Nb3 Bb6 11. a4 Nge7 12. Bf4 Ng6 13. Bg3 O-O 14. h4 Nge7 15.
Bxh7+ Kxh7 16. Ng5+ Kg8 17. Qh5 Rfe8 18. Qxf7+ Kh8 19. Qh5+ Kg8 20. Qh7+ Kf8 21.
Qh8+ Ng8 22. Qh5 Nh6 23. Nh7+ Ke7 24. Qg5+ Kf7 25. h5 Nf5 26. Qg6+ Ke7 27. Qg5+
Kf7 28. Qg6+ Ke7 29. Bh4+ Nxh4 30. Qxg7+ Kd8 31. Qf6+ Kc7 32. Qxh4 Rh8 33. Nf6
Ne7 34. Nd4 Bxd4 35. cxd4 Nf5 36. Rac1+ Bc6 37. Qg5 Qxd4 38. Rfe1 Raf8 39. Qg6
Kb6 40. Nh7 Rhg8 41. Nxf8 Rxg6 42. hxg6 Qg4 43. f3 Qg3 44. Re2 d4 45. Rf2 Nh4
46. Kf1 Nxg2 47. Rxc6+ bxc6 48. Rxg2 Qxf3+ 49. Rf2 Qh1+ 50. Ke2 Qe4+ 51. Kf1 d3
52. Kg1 d2 53. Rxd2 Qe1+ 0-1

[Event "Druzynowe Mistrzostwa Polski Juniorow - I Liga 2018"]
[Site "Kudowa-Zdroj"]
[Date "1899-12-30"]
[Round "8.12"]
[White "Rejniak, Zuzanna"]
[Black "Siekanska, Maria"]
[Result "1/2-1/2"]
[WhiteTitle "I++"]
[BlackTitle "I+"]
[WhiteElo "1559"]
[BlackElo "1306"]

1. d4 d5 2. Nc3 e6 3. Bf4 a6 4. e3 c5 5. Nf3 Nf6 6. a4 Nc6 7. Be2 Be7 8. Ne5 cxd4
9. exd4 Qb6 10. Nxc6 bxc6 11. a5 Qd8 12. O-O Bb4 13. Bd2 O-O 14. Na4 Qxa5 15.
Nc5 Qb6 16. Bg5 Nd7 17. Be7 Re8 18. Nxd7 Bxd7 19. Bxb4 Qxb4 20. Bxa6 Qxb2 21.
Rb1 Qa2 22. Bd3 e5 23. Rb7 Ra7 24. Rxa7 Qxa7 25. dxe5 Rxe5 26. Kh1 f5 27. f4 Re8
28. h3 c5 29. Qf3 Qa8 30. Rd1 g6 31. Bc4 dxc4 32. Qxa8 Rxa8 33. Rxd7 Ra2 34. Rd2
Kf7 35. Re2 Kf6 36. Kg1 g5 37. g3 Ra3 38. Kg2 g4 39. h4 h5 40. Kf2 Ra2 41. Kg2
c3 42. Kf2 c4 1/2-1/2

[Event "Druzynowe Mistrzostwa Polski Juniorow - I Liga 2018"]
[Site "Kudowa-Zdroj"]
[Date "1899-12-30"]
[Round "8.13"]
[White "Janiszewski, Filip"]
[Black "Woloch, Oskar"]
[Result "0-1"]
[WhiteTitle "I++"]
[BlackTitle "k"]
[WhiteElo "1953"]
[BlackElo "2137"]

1. e4 e5 2. Nf3 Nc6 3. Bb5 a6 4. Bxc6 dxc6 5. O-O Bg4 6. h3 h5 7. d3 Bxf3 8. Qxf3
Qd7 9. Be3 O-O-O 10. Nd2 f6 11. Nb3 g5 12. Rad1 Bd6 13. Nc5 Bxc5 14. Bxc5 b6 15.
Be3 g4 16. Qg3 Ne7 17. h4 Qe6 18. d4 Qxa2 19. dxe5 Qxb2 20. exf6 Qxf6 21. Bf4
Rxd1 22. Rxd1 Rh7 23. Bxc7 Nf5 24. Qd3 Kxc7 25. exf5 Kb7 26. c4 Rf7 27. Re1 a5
28. c5 b5 29. f3 g3 30. Qe4 Qxf5 31. Qd4 Rd7 32. Qc3 Qf4 33. Qxa5 Qd4+ 34. Kh1
Qxh4+ 35. Kg1 Qh2+ 36. Kf1 Qh1+ 37. Ke2 Qxg2+ 38. Ke3 Qf2+ 39. Kf4 Rf7+ 40. Kg5
Qxc5+ 41. Kh4 g2 42. Re8 Qf2+ 43. Kxh5 Qxf3+ 44. Kh6 Qf6+ 45. Kh5 Rh7+ 46. Kg4
g1=R# 0-1

[Event "Druzynowe Mistrzostwa Polski Juniorow - I Liga 2018"]
[Site "Kudowa-Zdroj"]
[Date "1899-12-30"]
[Round "8.14"]
[White "Lambrecht, Tomasz"]
[Black "Dixa, Oskar"]
[Result "1/2-1/2"]
[WhiteTitle "II"]
[BlackTitle "I++"]
[WhiteElo "1544"]
[BlackElo "1929"]

1. e4 c5 2. Nc3 Nc6 3. Bb5 d6 4. d3 Bd7 5. f4 g6 6. Nf3 Bg7 7. O-O e6 8. Kh1 Nge7
9. Bd2 O-O 10. Rb1 a6 11. Bxc6 Nxc6 12. Ne2 d5 13. Bc3 d4 14. Bd2 Rc8 15. Ng3
f5 16. e5 Ne7 17. c4 dxc3 18. bxc3 Bc6 19. Qc2 Qd7 20. c4 Rfd8 21. Ne1 Qc7 22.
Nf3 Qd7 23. Ne1 Rb8 24. Ba5 Rdc8 25. Bb6 Ba4 26. Qc3 Nc6 27. Ne2 Bf8 28. Nc1 Nd4
29. Nf3 Nxf3 30. Rxf3 Be7 31. Nb3 Bxb3 32. Rxb3 Qa4 33. Rf2 Rc6 34. Rd2 Ra8 35.
Ba5 Rcc8 36. Bb6 Bh4 37. g3 Bd8 38. Bxd8 Qc6+ 39. Kg1 Rxd8 40. Qb2 Rab8 41. Rb6
Qd7 42. Rd6 Qe8 43. Rb6 Rd7 44. Kf2 Kf7 45. Ke3 Qd8 46. h4 Qc7 47. a4 Rbd8 48.
a5 Qc8 49. Qc3 Rc7 50. Rdb2 Rdd7 51. R2b3 Qd8 52. Qb2 Qe7 53. Qg2 h6 54. Qh1 Ke8
55. Qf3 Kf8 56. Qh1 Kf7 57. Qf3 Kg8 58. Qh1 Kf7 59. Qf3 Kg7 60. Ke2 1/2-1/2

[Event "Druzynowe Mistrzostwa Polski Juniorow - I Liga 2018"]
[Site "Kudowa-Zdroj"]
[Date "1899-12-30"]
[Round "8.15"]
[White "Ochedzan, Tymon"]
[Black "Gorkiewicz, Mateusz"]
[Result "1/2-1/2"]
[WhiteTitle "CM"]
[BlackTitle "I"]
[WhiteElo "1874"]
[BlackElo "1870"]

1. e4 e5 2. Nf3 Nf6 3. Nxe5 d6 4. Nf3 Nxe4 5. Nc3 Nxc3 6. dxc3 Be7 7. Bf4 Nc6 8.
Bd3 Be6 9. Qe2 Qd7 10. O-O-O a6 11. Rhe1 O-O 12. Qe4 g6 13. Bh6 Rfe8 14. Qf4 Rab8
15. Ng5 Ne5 16. f3 Nxd3+ 17. Rxd3 Bf5 18. Rde3 Bf8 19. Bxf8 Rxe3 20. Rxe3 Rxf8
21. g4 Be6 22. h4 Bd5 23. h5 f6 24. Qd4 Qb5 25. Re7 Qf1+ 26. Kd2 Bxf3 27. Nxf3
Qxf3 28. hxg6 hxg6 29. b3 b5 30. Rxc7 Re8 31. Kc1 Re1+ 32. Kb2 Qd1 33. Rc8+ Kg7
34. Rc7+ Kg8 35. Rc8+ Kg7 36. Rc7+ Kg8 37. Rc8+ Kg7 38. Rc7+ 1/2-1/2

[Event "Druzynowe Mistrzostwa Polski Juniorow - I Liga 2018"]
[Site "Kudowa-Zdroj"]
[Date "1899-12-30"]
[Round "8.16"]
[White "Musin, Pawel"]
[Black "Skurniak, Szymon"]
[Result "0-1"]
[WhiteTitle "II"]
[BlackTitle "I"]
[WhiteElo "1202"]
[BlackElo "1729"]

1. d4 Nf6 2. c4 g6 3. Nc3 d5 4. Bg5 Ne4 5. Bh4 Nxc3 6. bxc3 Bg7 7. e3 O-O 8. Nf3
dxc4 9. Bxc4 c5 10. O-O Nc6 11. Rc1 Na5 12. Be2 c4 13. Qa4 Bd7 14. Qb4 Re8 15.
Nd2 b5 16. Ne4 a6 17. Bf3 Nb7 18. Nc5 Nxc5 19. Qxc5 Rb8 20. Rb1 Qa5 21. Bxe7 Qxc3
22. Qa3 Qxa3 23. Bxa3 Bf5 24. Rbc1 b4 25. Bb2 c3 26. Ba1 a5 27. Bc6 Rec8 28. Ba4
Be6 29. Rc2 Bc4 30. Rd1 Bf8 31. g3 Bxa2 32. Rxa2 b3 33. Bxb3 Rxb3 34. Rc2 Ba3
35. Kg2 a4 36. Kf3 Bb2 37. Ke4 a3 38. Kd3 Kf8 39. Bxb2 axb2 40. Rb1 Ke7 41. f4
f5 42. h3 h5 43. g4 h4 44. gxf5 gxf5 45. Rg2 c2+ 0-1

[Event "Druzynowe Mistrzostwa Polski Juniorow - I Liga 2018"]
[Site "Kudowa-Zdroj"]
[Date "1899-12-30"]
[Round "8.17"]
[White "Wawrzyniak, Weronika"]
[Black "Karlyk, Maria"]
[Result "1/2-1/2"]
[WhiteTitle "I"]
[BlackTitle "I"]
[WhiteElo "1455"]
[BlackElo "1726"]

1. e4 c5 2. Nf3 Nc6 3. d4 cxd4 4. Nxd4 Nf6 5. Nc3 d6 6. Bg5 e5 7. Ndb5 a6 8. Na3
Be6 9. Nc4 Nd4 10. Ne3 Be7 11. Bxf6 Bxf6 12. Ncd5 Bg5 13. c3 Bxe3 14. Nxe3 Nc6
15. Bc4 O-O 16. O-O Qe7 17. Bd5 Rad8 18. Qf3 Qg5 19. Qg3 Qxg3 20. fxg3 Bxd5 21.
Nxd5 Rfe8 22. Rad1 Ne7 23. Ne3 f6 24. Rd2 Rd7 25. Rfd1 Red8 26. Nc4 Nc8 27. g4
h6 28. h4 Kf7 29. Ne3 Ne7 30. Nf5 Nxf5 31. gxf5 g6 32. g4 gxf5 33. gxf5 Rg8+ 34.
Rg2 Rdd8 35. Rdd2 Rxg2+ 36. Kxg2 Rg8+ 37. Kf3 Ke7 38. c4 h5 39. a4 Rg4 40. Rh2
Kd7 41. b4 Kc6 42. a5 Rf4+ 43. Ke3 1/2-1/2

[Event "Druzynowe Mistrzostwa Polski Juniorow - I Liga 2018"]
[Site "Kudowa-Zdroj"]
[Date "1899-12-30"]
[Round "8.18"]
[White "Mytnik, Kinga"]
[Black "Barwinska, Ewa"]
[Result "1/2-1/2"]
[WhiteTitle "I"]
[BlackTitle "I"]
[WhiteElo "1446"]
[BlackElo "1457"]

1. e4 c5 2. g3 Nc6 3. Bg2 g6 4. d3 Bg7 5. c3 d6 6. f4 e6 7. Nf3 Nge7 8. O-O O-O
9. Be3 Rb8 10. a4 a6 11. e5 b6 12. d4 cxd4 13. Nxd4 Nxd4 14. cxd4 dxe5 15. dxe5
Nf5 16. Bf2 Bb7 17. Nc3 Bxg2 18. Kxg2 Qc7 19. Qf3 Rfd8 20. Rac1 Qe7 21. Rfd1 Qb4
22. g4 Nd4 23. Bxd4 Rxd4 24. Rxd4 Qxd4 25. Rd1 Qb4 26. Qf2 b5 27. Rd4 Qa5 28.
axb5 axb5 29. b4 Qa8+ 30. Kh3 Qa3 31. Qg3 Bf8 32. Ne4 Qxg3+ 33. Kxg3 Kg7 34. Nd6
h6 35. Kf3 Be7 36. f5 gxf5 37. gxf5 Bxd6 38. exd6 Rd8 39. fxe6 fxe6 40. Ke4 Kf6
41. h4 Rg8 42. Kf3 Rd8 43. Ke4 Rg8 44. Kf3 Rd8 45. Ke4 Rg8 1/2-1/2

[Event "Druzynowe Mistrzostwa Polski Juniorow - I Liga 2018"]
[Site "Kudowa-Zdroj"]
[Date "1899-12-30"]
[Round "8.19"]
[White "Bilczewski, Kacper"]
[Black "Brozyna, Mateusz"]
[Result "0-1"]
[WhiteTitle "k+"]
[BlackTitle "k"]
[WhiteElo "2093"]
[BlackElo "2098"]

1. e4 c5 2. c3 Nf6 3. e5 Nd5 4. d4 cxd4 5. cxd4 d6 6. Bc4 Nb6 7. Bb5+ Bd7 8. e6
fxe6 9. Bd3 Bc6 10. Qg4 Nd5 11. Nc3 Nf6 12. Qh3 Na6 13. Nge2 Nb4 14. Bb1 Qd7 15.
Nf4 O-O-O 16. O-O Qe8 17. Qxe6+ Kb8 18. Qc4 Na6 19. d5 Bd7 20. Be3 Ng4 21. Bd4
Qf7 22. Ne6 Bxe6 23. dxe6 Qh5 24. h3 Ne5 25. Qb5 Nc7 26. Qb3 Nc6 27. Be3 Qa5 28.
a3 Ka8 29. Be4 d5 30. Bf3 d4 31. Rfd1 Qe5 32. Bxc6 bxc6 33. Na4 Nxe6 34. Bd2 Qd5
35. Qd3 Nc7 36. b4 e5 37. Bg5 e4 38. Qg3 Bd6 39. Qg4 h5 40. Qh4 Rde8 41. Rac1
Ne6 42. Bd2 g5 43. Bxg5 Nxg5 44. Nc5 Rhg8 45. Kf1 e3 0-1

[Event "Druzynowe Mistrzostwa Polski Juniorow - I Liga 2018"]
[Site "Kudowa-Zdroj"]
[Date "1899-12-30"]
[Round "8.20"]
[White "Pietrzak, Tomasz"]
[Black "Polczyk, Mikolaj"]
[Result "0-1"]
[WhiteTitle "II"]
[BlackTitle "I+"]
[WhiteElo "1617"]
[BlackElo "2061"]

1. d4 e6 2. Nf3 Nf6 3. g3 d5 4. Bg2 Be7 5. O-O O-O 6. b3 c5 7. dxc5 Bxc5 8. Ba3
Bxa3 9. Nxa3 Qa5 10. Nb1 Nc6 11. Nd4 e5 12. Nxc6 bxc6 13. Qd2 Qb6 14. c4 Be6 15.
Qc3 d4 16. Qc2 Rad8 17. Nd2 c5 18. Rfd1 Bg4 19. Nf1 Qe6 20. f3 Bf5 21. e4 Bh3
22. Qd3 a5 23. a3 Bxg2 24. Kxg2 Nd7 25. Nd2 Ra8 26. Rdb1 Rfb8 27. h3 Qa6 28. Rb2
Qd6 29. a4 Rb4 30. Nb1 Qb6 31. Raa2 Rb8 32. Nd2 Qc6 33. f4 f6 34. f5 Nb6 35. Rc2
Na8 36. g4 Nc7 37. Qg3 Qd6 38. h4 Rd8 39. g5 Ne8 40. Rc1 Rb7 41. h5 fxg5 42. Qxg5
Qf6 43. Qxf6 Nxf6 44. Rh1 g6 45. fxg6 hxg6 46. hxg6 Rg7 47. Raa1 Rxg6+ 48. Kf3
Rf8 49. Ke2 Rg2+ 50. Kd3 Rg3+ 51. Kc2 Rf7 52. Rhg1 Rfg7 53. Rxg3 Rxg3 54. Rf1
Kf7 55. Rf3 Rxf3 56. Nxf3 Ke6 57. Ng5+ Ke7 58. Kd3 Ng4 59. Ke2 Ne3 60. Kd2 Kf6
61. Nh7+ Ke7 62. Ng5 Ng4 63. Ke2 Ne3 64. Kd2 Ng2 65. Ke2 Nf4+ 66. Kd2 Ng2 67.
Ke2 Nf4+ 68. Kd2 Kf6 69. Nf3 Ng6 70. Ne1 Nf4 71. Nf3 Ke6 72. Ng5+ Ke7 73. Nh7
Ne6 74. Ke2 Kf7 75. Kf3 Kg7 76. Kg4 Kxh7 77. Kf5 d3 0-1

[Event "Druzynowe Mistrzostwa Polski Juniorow - I Liga 2018"]
[Site "Kudowa-Zdroj"]
[Date "1899-12-30"]
[Round "8.21"]
[White "Turski, Bartlomiej"]
[Black "Suder, Jakub"]
[Result "0-1"]
[WhiteTitle "I"]
[BlackTitle "I+"]
[WhiteElo "1893"]
[BlackElo "1837"]

1. e4 c5 2. Nf3 e6 3. d4 cxd4 4. Nxd4 a6 5. Bd3 Nf6 6. O-O d6 7. c4 g6 8. Nc3 Bg7
9. Be3 Qc7 10. Qd2 O-O 11. Rac1 Ng4 12. Be2 Nxe3 13. fxe3 Nd7 14. b4 b6 15. a4
Ne5 16. Bd3 Bb7 17. Nce2 Bh6 18. h3 Rac8 19. Kh1 Qe7 20. Nf3 f5 21. Nxe5 dxe5
22. Bb1 fxe4 23. Rxf8+ Rxf8 24. c5 bxc5 25. bxc5 Bc6 26. Ba2 Rd8 27. Qb2 Bxe3
28. Qxe5 Bd5 29. Rc3 Bxc5 30. Bb1 Bd6 31. Qd4 Qh4 32. Rc1 Rf8 33. Ba2 Qg5 34.
Rd1 Be5 35. Bxd5 Bxd4 36. Bxe6+ Kh8 37. Nxd4 Qe5 38. Bg4 Rd8 0-1

[Event "Druzynowe Mistrzostwa Polski Juniorow - I Liga 2018"]
[Site "Kudowa-Zdroj"]
[Date "1899-12-30"]
[Round "8.22"]
[White "Dziewonski, Dariusz"]
[Black "Panek, Bartosz"]
[Result "1/2-1/2"]
[WhiteTitle "I"]
[BlackTitle "I"]
[WhiteElo "1733"]
[BlackElo "1831"]

1. e4 c5 2. Nf3 e6 3. Nc3 Nc6 4. d4 cxd4 5. Nxd4 Qc7 6. Be3 Nf6 7. Qd2 a6 8. O-O-O
Bb4 9. f3 O-O 10. Kb1 d5 11. a3 Bxc3 12. Qxc3 dxe4 13. Nxc6 bxc6 14. fxe4 Nxe4
15. Qd4 Nf6 16. Bf4 Qa5 17. Be5 Qd5 18. Bxf6 gxf6 19. Qg4+ Qg5 20. Qc4 Bb7 21.
Rd3 Qe5 22. Rg3+ Kh8 23. Qh4 c5 24. Bd3 f5 25. Rh3 Qg7 26. Re1 Rad8 27. c3 Rg8
28. Rg3 Qxg3 29. hxg3 Rxd3 30. Qf6+ Rg7 31. Re2 Be4 32. Kc1 Rdxg3 33. Rd2 Bd3
34. b4 c4 35. a4 R3g6 36. Qe5 Rg4 37. b5 axb5 38. a5 Re4 39. Qf6 Re1+ 40. Rd1
Re2 41. Rd2 Re1+ 42. Kb2 b4 43. cxb4 Rb1+ 44. Ka3 h6 45. Qxh6+ Kg8 46. Qf6 Rg3
47. Qd8+ Kg7 1/2-1/2

[Event "Druzynowe Mistrzostwa Polski Juniorow - I Liga 2018"]
[Site "Kudowa-Zdroj"]
[Date "1899-12-30"]
[Round "8.23"]
[White "Stebel, Agata"]
[Black "Mazanowska, Aniela"]
[Result "1-0"]
[WhiteTitle "k"]
[BlackTitle "II"]
[WhiteElo "1859"]
[BlackElo "1313"]

1. d4 d5 2. Nf3 e6 3. c4 c5 4. cxd5 cxd4 5. dxe6 Bxe6 6. Qxd4 Nc6 7. Qxd8+ Rxd8
8. a3 Bb3 9. Nc3 Bb4 10. Bd2 Nf6 11. axb4 Nxb4 12. Ra5 Ng4 13. e3 Nc2+ 14. Ke2
O-O 15. Nd4 Nxd4+ 16. exd4 Bc4+ 17. Kf3 Bxf1 18. Kxg4 Rxd4+ 19. Bf4 Bxg2 20. Rd1
Rb4 21. Kg3 Bc6 22. Bd6 Rxb2 23. Bxf8 Kxf8 24. Rxa7 h5 25. Ra8+ Ke7 26. Nd5+ Ke6
27. Nf4+ Kf5 28. Nd3 Rb3 29. f3 g5 30. Ra5+ b5 31. Ra6 Rc3 32. Rc1 Rxd3 33. Rcxc6
h4+ 34. Kf2 Rd2+ 35. Ke3 Rxh2 36. Rc5# 1-0

[Event "Druzynowe Mistrzostwa Polski Juniorow - I Liga 2018"]
[Site "Kudowa-Zdroj"]
[Date "1899-12-30"]
[Round "8.24"]
[White "Czarnecka, Lidia"]
[Black "Bugaj, Hanna"]
[Result "1/2-1/2"]
[WhiteTitle "I++"]
[BlackTitle "I"]
[WhiteElo "1767"]
[BlackElo "1356"]

1. e4 c5 2. Nf3 Nc6 3. d4 cxd4 4. Nxd4 Nf6 5. Nc3 e5 6. Ndb5 d6 7. Bg5 a6 8. Na3
b5 9. Nd5 Be7 10. Bxf6 Bxf6 11. c4 b4 12. Nc2 Rb8 13. b3 Bg5 14. Be2 O-O 15. O-O
g6 16. Qd3 Bh6 17. Rad1 f5 18. f3 Be6 19. c5 dxc5 20. Qxa6 Bxd5 21. Rxd5 Qc7 22.
Rxc5 Rfc8 23. Bc4+ Kh8 24. Be6 Ra8 25. Qc4 Bf8 26. Bxc8 Qb6 27. Kh1 Qxc5 28. Qxc5
Bxc5 29. Bb7 Rxa2 30. Bxc6 Rxc2 1/2-1/2